000
00325nam a2200133 a 4500
001
4140
005
20140414131907.0
008
090218s19uu xx 00 eng d
050
_a
ER
_b
B63 1990
100
_a
Oram, Hiawyn
245
_a
A boy wants a dinosaur.
260
_a
New York :
_b
Scholastic ,
_c
1990.
999
_c
111017
_d
111017